000 00571nam a2200193Ia 4500
003 IEPS
005 20250703135310.0
008 250223s9999||||xx |||||||||||||| ||und||
020 _a977368248*
040 _CIEPS
041 _aara
082 _a306
100 _aقنديل سهيريس
245 0 _aمسؤولية الآباء و الامهات في تربية الابناء
260 _aالاسكندرية
_bمؤسسة حورس الدولية للنشر و التوزيع
_c2008
300 _a146 ص.
_c24 سم.
653 _aالاسرة
942 _cكتاب
999 _c12980
_d12980